00639nam a22001817a 450000500170000001000150001702000260003203500140005803700090007208200150008110000250009624501230012125000060024426000490025027001090029930000310040870000180043920240614143951.0 aENG-140617 c880.00a9789353068974 aEN-124149 bDBAD a371.10225 aOrmrod, Jeanne Ellis aEssential of Educational Psychology:bBig Ideas to Guide Effective Teaching/cBy Jeanne Ellis Ormrod [and] Brett Jones a5 aNoidabPearson India Education Pvt Ltdc2024 a1st Floor, Berger Tower, Plot No. C-001/2, Sector 16BbNoidae201301mcompanysecretary.india@pearson.com axxiv,vp.c25cm(pbk)bIndex aJones, Brett